000 00870nam a2200277 4500
003 OSt
005 20260530115316.0
008 260506b2012 tura|||| |||| 00| 0 tur d
020 _a9786055275044
040 _aICI
_bspa
_cICI
041 _atur
050 _aBH301.I4
_bI892 2012
111 _aIstanbul design biennial
_d(october 13 - december 12 2012)
245 _aAdhokrasí =
_bAdhocracy
264 _aEstambul :
_bIstanbul Foundation for Culture and Arts,
_c2012
300 _a383 páginas ;
_bilustraciones ;
336 _2rdacontent
_atexto
337 _2rdamedia
_asin medio
338 _2rdacarrier
_avolumen
650 0 _aCambio organizacional
_933656
650 0 _aInnovación organizacional
_933657
650 0 _aCultura organizacional
_933658
650 0 _aAdministración
_914434
650 0 _aEstructura organizacional
_933659
942 _2lcc
_n1
_cBK
999 _c13582
_d13582